000 01138cam a22002771a 4500
001 gs 20000315
003 DLC
005 20260227111324.0
008 941012s1918 sdu 000 0 eng
010 _ags 20000315
035 _a(OCoLC)31273124
040 _aDLC
_cMsSM
_dNNBG
_dDLC
042 _apremarc
050 0 0 _aQE163
_b.A3 no. 8
100 1 _aVisher, Stephen Sargent,
_d1887-1967.
245 1 4 _aThe geography of South Dakota ;
_ba detailed discussion of the surface, resources, climate, plants, animals, and human geography including the history of the area /
_cby Stephen Sargent Visher.
260 _aVermilion, SD :
_bUniversity of South Dakota,
_c1918.
300 _a189 p. :
_bill. ;
_c22 cm.
490 1 _aSouth Dakota Geological Survey. Bulletin ;
_vno. 8
502 _aWith Report of the State Geologist, 1916-1918.
651 0 _aSouth Dakota
_xDescription and travel.
651 0 _aSouth Dakota
_xHistory.
650 0 _aGeology
_zSouth Dakota.
710 1 _aSouth Dakota State Geological Survey.
_tReport of the State Geologist, 1916-1918.
830 0 _aBulletin (South Dakota Geological Survey) ;
_vno. 8.
999 _c26023
_d26023